ՀՀ Գիտությունների ազգային ակադեմիայի հիմնարար գիտական գրադարան  =   Fundamental Scientific Library of NAS RA

Библиографический указатель материалов фольклорного архива кафедры русской литературы горьковского государственного университета / (Record no. 348935)

MARC details
000 -LEADER
fixed length control field 01183nam a2200181 a 4500
001 - CONTROL NUMBER
control field 001078341
003 - CONTROL NUMBER IDENTIFIER
control field AM-YeHGA
005 - DATE AND TIME OF LATEST TRANSACTION
control field 20250617151318.0
008 - FIXED-LENGTH DATA ELEMENTS--GENERAL INFORMATION
fixed length control field 150511s1976 ||| r 000 0 rus d
040 ## - CATALOGING SOURCE
Original cataloging agency AM-YeHGA
041 0# - LANGUAGE CODE
Language code of text/sound track or separate title rus
090 ## - LOCALLY ASSIGNED LC-TYPE CALL NUMBER (OCLC); LOCAL CALL NUMBER (RLIN)
-- 350744
245 00 - TITLE STATEMENT
Title Библиографический указатель материалов фольклорного архива кафедры русской литературы горьковского государственного университета /
Statement of responsibility, etc. Горьк. гос. ун-т.
260 ## - PUBLICATION, DISTRIBUTION, ETC.
Place of publication, distribution, etc. Горький :
Name of publisher, distributor, etc. Б. и.,
Date of publication, distribution, etc. 1976.
300 ## - PHYSICAL DESCRIPTION
Extent 72 с.
505 10 - FORMATTED CONTENTS NOTE
Miscellaneous information Вып. 1 ( 1976, 73 с.)
Title Эпические жанры Ч. 1 Сказки
Miscellaneous information Вып. 1 ( 1976, 126 с.)
Title Эпические жанры Ч. 2 Несказочная проза. Исторические песни. Баллады
Miscellaneous information Вып. 2, Ч. 2 (1977, 69 с.)
Title Обряды и обрядовая поэзия; Свадебный обряд
Miscellaneous information Вып. 2, Ч. 1 (1977, 78 с.)
Title Обряды и обрядовая поэзия. Календарные обряды. Заговоры
653 0# - INDEX TERM--UNCONTROLLED
Uncontrolled term Русская литература - Фольклор
Holdings
Withdrawn status Lost status Source of classification or shelving scheme Damaged status Not for loan Collection Home library Current library Date acquired Serial enumeration / chronology Total checkouts Full call number Barcode Date last seen Price effective from Koha item type Public note
    Universal Decimal Classification     General Fundamental Scientific Library Fundamental Scientific Library 11/01/2017 Вып. 1 Ч. 1   PII/368483 FL0336714 11/01/2017 11/01/2017 Գրքեր / Books 30 Days Loan
    Universal Decimal Classification     General Fundamental Scientific Library Fundamental Scientific Library 11/01/2017 Вып. 1 Ч. 2   PII/368484 FL0336715 11/01/2017 11/01/2017 Գրքեր / Books 30 Days Loan
          General Fundamental Scientific Library Fundamental Scientific Library 11/01/2017 Вып. 2, Ч. 2   РII/399679 FL0409134 11/01/2017 11/01/2017 Գրքեր / Books 30 Days Loan
          General Fundamental Scientific Library Fundamental Scientific Library 11/01/2017 Вып. 2, Ч. 1   РII/408987 FL0424415 11/01/2017 11/01/2017 Գրքեր / Books 30 Days Loan


ՀՀ ԳԱԱ հիմնարար գիտական գրադարան
ՀՀ,Երևան 0019
Մարշալ Բաղրամյան 24/6
հեռախոս:(374-10) 52-47-50
Հետադարձ կապ

All site content, except where otherwise noted, is licensed under a
Creative Commons License